00967nam a22002537a 450000500170000001000130001702000230003003500130005303700160006604000120008208200170009410000270011124501690013825000120030726000430031927000530036230000250041550000510044065000230049165000140051494200260052899900190055495201400057320170124110000.0 aA-952923 a8170145325c140.00 aA-952923 bCen Lib/Ret aDPLbEN a343.052bPAG aPagare, Dinkar 913278 aLaw and practice of income tax /cby Dinkar Pagmare bincorporating the amendments made by the finance no. 2 act, 1998 also including the central sales-tax act 1956 a23rd ed aNew Delhi bSultan Chand & Sons c1999 a23, Ansari Road, Dariya GanjbNew Delhi e110002 axii, 632p.c21cm(Hb) aIncludes bibliographical references and index  aIncome tax 989873 aLaw 9104 2ddccENh343.052mPAG c125804d125804 00104070aLbLd2015-06-23eCen Lib/Retg140.00l2o343.052 PAGpA-952923r2021-04-01 00:00:00s2021-01-27t1v140.00w2015-06-23yEN